000
00313nam a22001337a 4500
008
181205b xxu||||| |||| 00| 0 eng d
020
_a
0395838673
041
_a
eng
080
_a
370
100
_a
49
101
_a
EDU
245
_a
Reading Textbook A college Skills Handbook
_c
Wiener.B
942
_2
udc
_c
BK
999
_c
52898
_d
52898